LEADER 01262nam 2200337Ia 450 001 996392553903316 005 20221108040736.0 035 $a(CKB)1000000000683747 035 $a(EEBO)2240876724 035 $a(OCoLC)31355184 035 $a(EXLCZ)991000000000683747 100 $a19941025d1691 uy | 101 0 $aeng 135 $aurbn||||a|bb| 200 10$aEcclesia reviviscens, a poem, or, A short account of the rise, progress and present state of the new reformation$b[electronic resource] 210 $aLondon $cPrinted for Thomas Salusbury ...$dMDCXCI [1691] 215 $a[6], 17, [1] p 300 $aDedication signed: W. Jones. 300 $aAdvertisements: p. [6], and p. [1] at end. 300 $a"Licenced and entred according to order. Sept. 18. 1691." 300 $aAlso contains "Usher's ghost", p. 3-17. 300 $aReproduction of original in the Harvard University Library. 330 $aeebo-0062 606 $aReformation$zEngland 615 0$aReformation 700 $aJones$b William$0346575 801 2$bWaOLN 906 $aBOOK 912 $a996392553903316 996 $aEcclesia reviviscens, a poem, or, A short account of the rise, progress and present state of the new reformation$92406195 997 $aUNISA LEADER 00935nam a2200241 i 4500 001 991000434979707536 005 20020506130436.0 008 000908s1962 uk ||| | eng 035 $ab10699934-39ule_inst 035 $aEXGIL145426$9ExL 040 $aBiblioteca Interfacoltà$bita 082 0 $a823.8 100 1 $aHardy, Thomas$0142510 245 14$aThe trumpet-major :$bJohn Loveday, a soldier in the war with Buonaparte, and Robert his brother, first mate in the merchant service :$ba tale /$cThomas Hardy 260 $aLondon :$bMacmillan,$c1962 300 $aVIII, 371 p. ;$c17 cm. 440 4$aThe works of Thomas Hardy 907 $a.b10699934$b02-04-14$c28-06-02 912 $a991000434979707536 945 $aLE002 In. II L 17$g1$i2002000920768$lle002$o-$pE0.00$q-$rl$s- $t0$u0$v0$w0$x0$y.i10794888$z28-06-02 996 $aTrumpet-Major$999902 997 $aUNISALENTO 998 $ale002$b01-01-00$cm$da $e-$feng$guk $h4$i1